[Event "SVK-chT4 A21 1617"]
[Site "Slovakia"]
[Date "2016.10.23"]
[Round "2.4"]
[White "Wallner, Juraj"]
[Black "Dzurjaninova, Hana"]
[Result "1-0"]
[WhiteElo "1550"]
[BlackElo "1652"]
[PlyCount "73"]
[EventDate "2016.10.09"]
[EventType "team-tourn"]
[EventRounds "11"]
[EventCountry "SVK"]
[SourceTitle "CBM 175 Extra"]
[Source "ChessBase"]
[SourceDate "2016.12.12"]
[SourceVersion "1"]
[SourceVersionDate "2016.12.12"]
[SourceQuality "1"]
[WhiteTeam "Stefanov"]
[BlackTeam "Trnava Lokomotiva Jun"]
[WhiteTeamCountry "SVK"]
[BlackTeamCountry "SVK"]

1. e4 e6 2. Nf3 c5 3. d4 d5 4. exd5 exd5 5. dxc5 Bxc5 6. Bd3 Nf6 7. 0-0 0-0 8. Bg5 Bg4 9. h3 Bh5 10. Be2 d4 11. Nbd2 Nc6 12. Nb3 Bb6 13. Nfxd4 Nxd4 14. Bxh5 Nxb3 15. axb3 Qxd1 16. Bxd1 Ne4 17. Bf4 Rac8 18. c3 Rcd8 19. Bf3 Nxf2 20. Rxf2 Rd7 21. Kf1 Bxf2 22. Kxf2 b6 23. Be3 Rfd8 24. Bd4 Re7 25. Re1 Rxe1 26. Kxe1 Rd6 27. Kd2 f5 28. Kd3 b5 29. c4 bxc4+ 30. bxc4 Rd8 31. Bd5+ Kf8 32. Bxa7 Ke7 33. Bc5+ Kd7 34. b4 g5 35. b5 h5 36. b6 Kc8 37. Be7 1-0

[Event "SVK-chT5 1516"]
[Site "Slovakia"]
[Date "2015.12.19"]
[Round "4.1"]
[White "Wallner, Juraj"]
[Black "Zlamal, Marek"]
[Result "0-1"]
[WhiteElo "1535"]
[BlackElo "1738"]
[PlyCount "36"]
[EventDate "2015.10.24"]
[EventType "team-tourn"]
[EventRounds "9"]
[EventCountry "SVK"]
[SourceTitle "CBM 170 Extra"]
[Source "ChessBase"]
[SourceDate "2016.02.25"]
[SourceVersion "1"]
[SourceVersionDate "2016.02.25"]
[SourceQuality "1"]
[WhiteTeam "Stefanov II"]
[BlackTeam "Holic III"]
[WhiteTeamCountry "SVK"]
[BlackTeamCountry "SVK"]

1. e4 c5 2. Nf3 Nc6 3. d4 cxd4 4. Nxd4 e5 5. Nxc6 bxc6 6. Be2 d5 7. exd5 cxd5 8. 0-0 Nf6 9. Re1 e4 10. Bg5 Be7 11. Nc3 a6 12. Bxf6 Bxf6 13. Qxd5 Be6 14. Qxe4 0-0 15. Rad1 Qb6 16. Na4 Qa5 17. b3 Bf5 18. Rd5 Qxe1+ 0-1